000 00387nam a2200133Ia 4500
005 20260326235446.0
008 260326s9999||||xx |||||||||||||| ||und||
100 _aMoreno Ruíz, Agustín
245 0 _aTaller de Materiales 1 :
_b Laminados /
_cAgustín Moreno Ruíz
260 _bUniversidad Nacional Autónoma de México
300 _a36 p.
650 _aDISEÑO INDUSTRIAL
942 _cBK
999 _c7595
_d7595